000 01032nam a2200265 a 4500
001 ENG-90955
005 20070430071315.0
008 080908t xxu||||| |||| 00| 0 eng d
010 _aENG-90953
020 _a9788131304105
_c495.00
035 _aEN-74486
037 _bDBAD / PUB
040 _aDPL
_bEnglish
082 _a641.37
100 _aMahindru, S.N.
245 _aMilk and milk products /
_cby S. N. Mahindru
260 _aNew Delhi
_bAPH Publishing Corporation
_c2009
270 _a4435-36/7, Ansari Road, Darya Ganj,
_bNew Delhi
_e110002
300 _ax, 194 p.
_c23 cm (Hb)
520 _aCollection of papers on recent advances in the concept of forestry and improvement of the quality of human life through forestry related activities in India.
650 _aMilk
650 _aDairy products
942 _2ddc
_cEN
_h641.37
_mMAH
999 _c15372
_d15372